LIBRARY & INFORMATION CENTRE, KCAET, TAVANUR

ONLINE PUBLIC ACCESS CATALOGUE (OPAC)

Drought prone India: Problems and prespectives, Vol 1 / (Record no. 1865)

MARC details
000 -LEADER
fixed length control field 00517cam a2200181ua 4500
020 ## - INTERNATIONAL STANDARD BOOK NUMBER
ISBN 81-85005-729
041 ## - LANGUAGE CODE
Language code of text/sound track or separate title eng
082 ## - DEWEY DECIMAL CLASSIFICATION NUMBER
Classification number 338.14
Item number BAG/DR
100 ## - MAIN ENTRY--AUTHOR NAME
Personal name Bagchi, Kathakali S .
245 ## - TITLE STATEMENT
Title Drought prone India: Problems and prespectives, Vol 1 /
250 ## - EDITION STATEMENT
Edition statement 1 /
260 ## - PUBLICATION, DISTRIBUTION, ETC. (IMPRINT)
Place of publication New Delhi :
Name of publisher Agricole Publishing Academy ,
Year of publication 1991.
300 ## - PHYSICAL DESCRIPTION
Number of Pages 590 ; .
942 ## - ADDED ENTRY ELEMENTS (KOHA)
Koha item type Books
Holdings
Withdrawn status Lost status Damaged status Home library Current library Date acquired Full call number Accession Number Koha item type
      KAUAET KAUAET 07/04/2012 338.14 17798 Books
free website counter